00920nam a2200241 a 450000100060000000300090000600800410001501500210005602000150007704000280009204100130012004300200013308200170015324500790017025000120024926000400026130000230030149000630032450000620038750501480044965000300059770000510062725966CO-ViMGA141112s2004 ck r 000 u spa d ack - 2005 - xxxx a9586483469 aCO-ViMGAbspacCO-ViMGA aspabeng as - ck - - - - 04a658.4013 C6510aControl interno : binforme coso / cSamuel Alberto Mantilla B., traductor a4a. ed. aBogotá : bEcoe Ediciones, c2005 axi, 342 p. ; 24 cm aTextos universitarios. Contabilidad, auditoría y control aTítulo original : Internal control integrated framework aResumen ejecutivo. Estructura conceptual integrada Reporte a partes externas. Herramientas de evaluación. Adenda a reporte a partes externas.14aContraloría de empresas1 aMantilla Blanco, Samuel Alberto, traductor tr.